000 01051nam a2200265Ia 4500
003 GCL
008 140319s9999 xx 000 0 ara d
020 _a1635208977
040 _aGCL /
_cGCL
082 0 4 _a328
_bع إ
100 1 _aعبدالله سامى ابراهيم الدلال
245 1 0 _aالاسلاميون وسراب الديمقراطية :
_bدراسة اصولية لمشاركة الاسلاميين فى المجالس النيابية /
_cعبدالله سامى ابراهيم الدلال
250 _aالاولى
260 _aالقاهرة :
_bمكتبة مدبولى ،
_c2007
300 _a479 ص ؛
_c24 سم
650 0 4 _aالانتخابات
650 0 4 _aالشريعة الاسلامية
650 0 4 _aالديمقراطية
650 0 4 _aالهيئات التشريعية
650 0 4 _aالاخوان المسلمون
650 0 4 _aالديمقراطية المطلقة
650 0 4 _aالجماعات الاسلامية
650 0 4 _aالهيئات التشريعية - أعضاء
942 _2ddc
_cBK
999 _c9514
_d9514